书目信息 |
| 题名: |
中国治沙启示录
|
|
| 作者: | 卢琦 编著 | |
| 分册: | ||
| 出版信息: | 北京 科学出版社 2004 |
|
| 页数: | 14,306页 | |
| 开本: | 24cm | |
| 丛书名: | 华夏英才基金学术文库 | |
| 单 册: | ||
| 中图分类: | P942.007.3 | |
| 科图分类: | ||
| 主题词: | 沙漠治理--研究--中国 , 沙漠治理 | |
| 电子资源: | ||
| ISBN: | 7-03-012729-3 | |
| 000 | 00917oam2 2200265 450 | |
| 001 | 002723766 | |
| 005 | 20070805110225.51 | |
| 010 | @a7-03-012729-3@dCNY55.00 | |
| 100 | @a20040917d2004 emky0chiy0110 ea | |
| 101 | 0 | @achi |
| 102 | @aCN@b110000 | |
| 105 | @aab z 000yy | |
| 106 | @ar | |
| 200 | 1 | @a中国治沙启示录@Azhong guo zhi sha qi shi lu@f卢琦等编著@Flu qi deng bian zhu |
| 210 | @a北京@c科学出版社@d2004 | |
| 215 | @a14,306页@c地图,彩照@d24cm | |
| 225 | 2 | @a华夏英才基金学术文库@Ahua xia ying cai ji jin xue shu wen ku |
| 330 | @a本书全面总结50年来我国防沙治沙的成就、经验和启示,内容涉及科技治沙、工程治沙和依法治沙三个方面,及相关技术、管理政策、法规等。 | |
| 461 | 0 | @1001012002060130@12001 @a华夏英才基金学术文库 |
| 606 | 0 | @a沙漠治理@x研究@y中国 |
| 606 | 0 | @a沙漠治理 |
| 690 | @aP942.007.3@v4 | |
| 701 | 0 | @a卢琦@Alu qi@4编著 |
| 801 | 0 | @aCN@bNLC@c20070805 |
| 905 | @dP942.007.3@e121@f4 | |
| 中国治沙启示录/卢琦等编著.-北京:科学出版社,2004 |
| 14,306页:地图,彩照;24cm.-(华夏英才基金学术文库) |
| ISBN 7-03-012729-3:CNY55.00 |
| 本书全面总结50年来我国防沙治沙的成就、经验和启示,内容涉及科技治沙、工程治沙和依法治沙三个方面,及相关技术、管理政策、法规等。 |
| ● |
| 相关链接 |
|
|
|
|
正题名:中国治沙启示录
索取号:P942.007.3/121
 
预约/预借
| 序号 | 登录号 | 条形码 | 馆藏地/架位号 | 状态 | 备注 |
| 1 | 0851522 | 208515221 | 第二样本阅览室/ [索取号:P942.007.3/121] | 在馆 | |
| 2 | 0851523 | 208515230 | 第三借阅区/ [索取号:P942.007.3/121] | 在馆 | |
| 3 | 0851524 | 208515249 | 第三借阅区/ [索取号:P942.007.3/121] | 在馆 | |
| 4 | 0851525 | 208515258 | 第三借阅区/ [索取号:P942.007.3/121] | 在馆 |